UTSA Football: Top 10 All-Time Leaders - Statistics

General Stats
  • This quiz has been taken 3 times
  • The average score is 23 of 56
Answer Stats
Category # Player Amount % Correct
Receiving Yards 5 Kam Jones 1,478
100%
Tackles 5 Drew Douglas 242
67%
Passing Yards 1 Frank Harris 11,858
67%
Rushing Yards 3 Frank Harris 2,143
67%
Rushing Yards 2 Jarveon Williams 2,393
67%
Sacks 4 Jason Neill 14.0
67%
Sacks 3 Jimmori Robinson 15.0
67%
Receiving Yards 3 Kerry Thomas Jr. 1,630
67%
Sacks T1 Marcus Davenport 22.0
67%
Passing Yards 4 Owen McCown 3,866
67%
Sacks T1 Trey Moore 22.0
67%
Passing Yards 6 Tucker Carter 1,273
67%
Receiving Yards 2 Zakhari Franklin 3,349
67%
Receiving Yards 10 Aaron Grubb 907
33%
Interceptions T4 Bennett Okotcha 6
33%
Passing Yards 7 Blake Bogenschutz 1,179
33%
Rushing Yards 6 Brenden Brady 1,751
33%
Interceptions T4 Cassius Grady 6
33%
Sacks 6 Clarence Hicks 12.5
33%
Sacks 10 Cody Rogers 9.0
33%
Passing Yards 8 Cordale Grundy 993
33%
Interceptions 3 Corey Mayfield Jr. 7
33%
Passing Yards 3 Dalton Sturm 5,768
33%
Rushing Yards 9 Dalton Sturm 1,227
33%
Rushing Yards 5 David Glasco II 1,752
33%
Receiving Yards 4 De'Corian Clark 1,573
33%
Sacks 7 DeQuarius Henry 11.5
33%
Receiving Yards 9 Devin McCuin 970
33%
Passing Yards 9 Eddie Lee Marburger 777
33%
Passing Yards 2 Eric Soza 6,952
33%
Rushing Yards 10 Evans Okotcha 1,162
33%
Rushing Yards 7 Jalen Rhodes 1,728
33%
Tackles 1 Jamal Ligon 335
33%
Sacks 9 Jamal Ligon 10.0
33%
Passing Yards 10 Jordan Weeks 766
33%
Receiving Yards 7 Josh Stewart 1,200
33%
Receiving Yards 1 Joshua Cephus 3,639
33%
Rushing Yards 4 Kevorian Barnes 1,803
33%
Sacks 8 Lorenzo Dantler 11.0
33%
Passing Yards 5 Lowell Narcisse 1,643
33%
Tackles 8 Michael Egwuagu 211
33%
Interceptions T4 Michael Egwuagu 6
33%
Tackles 9 Nate Gaines 200
33%
Interceptions 2 Nate Gaines 9
33%
Tackles 6 Nic Johnston 220
33%
Receiving Yards 8 Oscar Cardenas 997
33%
Tackles 2 Rashad Wisdom 314
33%
Rushing Yards 8 Robert Henry Jr. 1,294
33%
Rushing Yards 1 Sincere McCormick 3,929
33%
Tackles 7 Steven Kurfehs 214
33%
Tackles 4 Trevor Harmanson 245
33%
Tackles 3 Triston Wade 293
33%
Interceptions 1 Triston Wade 12
33%
Sacks 5 Trumane Bell II 13.5
33%
Receiving Yards 6 Tykee Ogle-Kellogg 1,358
33%
Interceptions T4 Zah Frazier 6
33%
No matching quizzes found
Score Distribution
Percent of People with Each Score
Percentile by Number Answered
Your Score History
You have not taken this quiz